| 000 | 00704cam a22002051 4500 | ||
|---|---|---|---|
| 082 |
_a624.1821 _bGRI _cL-20, P-61 |
||
| 100 | 1 |
_aGrinter, Linton E. _935973 |
|
| 245 | 0 | 0 | _aTheory of modern steel structures. |
| 250 | _aRev. ed. | ||
| 260 |
_aNew York, _bMacmillan Co., _c1949. |
||
| 300 |
_axxvi, 341 p. : _billus. _c24 cm. |
||
| 505 | 0 | _av. 1. Statically determinate structures.--v. 2. Statically indeterminate structures and space frames. | |
| 526 |
_a0 _b0 _c0 _d624_182100000000000_GRI |
||
| 526 |
_a0 _b0 _c0 _d624_182100000000000_GRI |
||
| 526 |
_a0 _b0 _c0 _d624_182100000000000_GRI |
||
| 650 | 0 | _aBuilding, Iron and steel. | |
| 650 | 0 |
_aMCE _9379 |
|
| 650 | 0 | _aSteel, Structural. | |
| 942 |
_2ddc _cBK |
||
| 999 |
_c546786 _d546786 |
||